Best Celtics Players - Statistics

General Stats
  • This quiz has been taken 23 times
    14 since last reset
  • The average score is 14 of 20
Answer Stats
Years Answer % Correct
1956-1969 Bill Russell
100%
1950-1963 Bob Cousy
100%
2007-2013 Kevin Garnett
100%
1980-1993 Kevin McHale
100%
1979-1992 Larry Bird
100%
1998-2013 Paul Pierce
100%
1976-1997 Robert Parish
100%
1962-1978 John Havlicek
92%
2007-2012 Ray Allen
92%
2010-2011 Shaquille O'Neal
83%
1985-1987 Bill Walton
75%
1970-1980 Dave Cowens
75%
1957-1969 Sam Jones
50%
1983-1990 Dennis Johnson
42%
1994-1995 Dominique Wilkins
42%
1978-1983 Nate Archibald
42%
2004-2005 Gary Payton
25%
1980 Pete Maravich
25%
1988 Artis Gilmore
8%
1997-1998 Chauncey Billups
8%
No matching quizzes found
Score Distribution
Percent of People with Each Score
Percentile by Number Answered
Your Score History
You have not taken this quiz since the last reset